Telephelyválasztás és marketingstratégia egy újonnan nyíló fodrászszalon tekintetében

Bibliographic Details
Main Author: Petrányi Szabolcs
Other Authors: Kozák Dr. Tamás József
Format: Thesis
Kulcsszavak:21. század
innováció
közlekedésmarketing
településföldrajz
településmarketing
Online Access:http://dolgozattar.uni-bge.hu/60182

MARC

LEADER 00000nta a2200000 i 4500
001 dolg60182
005 20260409150110.0
008 260409suuuu hu om 000 hun d
040 |a BGE Dolgozattár Repozitórium  |b hun 
041 |a hu 
100 1 |a Petrányi Szabolcs 
245 1 0 |a Telephelyválasztás és marketingstratégia egy újonnan nyíló fodrászszalon tekintetében  |c Petrányi Szabolcs  |h [elektronikus dokumentum] 
520 3 |a A szakdolgozatomban egy új innovatív fodrászszalon telephely és marketingstratégiáját mutatom be. A szakdolgozatomban azt a kérdést teszem fel, hogy van e értelme Komárom-Esztergom Vármegyében Dorog településen egy kevésbé ismert oxigénterápiás hajkezelésnek. Kik a célközönség és hogyan szólíthatóak meg. Ezen felül Dorog alkalmas e egy ilyen szalon működtetésére lokáció tekintetében. Szakdolgozatomat egy olyan gondolatmenet alapján állítottam fel, hogy hogyan is néz ki a telephelyválasztás stratégiája a kezdetektől. Mikre kell odafigyelni. Ezt a marketingstratégiánál is felvázolom. Majd alkalmazom a szalonon. 
695 |a 21. század 
695 |a innováció 
695 |a közlekedésmarketing 
695 |a településföldrajz 
695 |a településmarketing 
700 1 |a Kozák Dr. Tamás József  |e ths 
856 4 0 |u http://dolgozattar.uni-bge.hu/60182/1/Petr%C3%A1nyi_Szabolcs_Szakdolgozat_2023_2024_I_F%C3%A9l%C3%A9v%20%281%29%20%281%29%201%201%20%281%29%20%281%29.pdf  |z Dokumentum-elérés 
856 4 0 |u http://dolgozattar.uni-bge.hu/60182/2/Petr%C3%A1nyi_Szabolcs_Szakdolgozat_2023_2024_I_F%C3%A9l%C3%A9v%20%281%29%20%281%29%201%201%20%281%29%20%281%29.pdf  |z Dokumentum-elérés 
856 4 0 |u http://dolgozattar.uni-bge.hu/60182/3/Petr%C3%A1nyi%20Szabolcs%20opponensi%20b%C3%ADr%C3%A1lata.pdf  |z Dokumentum-elérés 
856 4 0 |u http://dolgozattar.uni-bge.hu/60182/4/BA%20KM%20magyar%20b%C3%ADr%C3%A1lati%20lap%20BELS%C5%90%20Petr%C3%A1nyi.pdf  |z Dokumentum-elérés